Statistics for Believe - Cher, lyrics

Click here to take the quiz!

General Stats

  • This quiz has been taken 22 times
  • The average score is 240 of 309

Answer Stats

Answer% Correct
A
100%
Be
100%
Believe
100%
I
100%
In
100%
Do?
95%
Do
95%
Love
95%
Love?
95%
You?
95%
You
95%
Can
90%
No
90%
After
86%
Don’t
86%
Life
86%
Me
86%
So
86%
The
86%
Can’t
81%
To
81%
Try
81%
And
76%
Enough
76%
Feel
76%
Hard
76%
How
76%
It
76%
Matter
76%
Really
76%
Say
76%
Think
76%
You’re
76%
I’m
71%
That
71%
But
67%
Inside
67%
Oh
67%
On
67%
One
67%
Something
67%
Strong
67%
There’s
67%
Through
67%
All
62%
For
62%
Is
62%
It’s
62%
Keep
62%
Pushing
62%
Talking
62%
Aside
57%
Break
57%
Know
57%
This
57%
Am
52%
I’ll
52%
Sad
52%
What
52%
Done
48%
Get
48%
Good
48%
Leaving
48%
Supposed
48%
Takes
48%
Too
48%
Back
43%
Gonna
43%
I’ve
43%
Lonely
43%
Need
43%
Said
43%
Time
43%
Turning
43%
Well
43%
Had
38%
Anymore
33%
Around
33%
‘Cause
33%
Move
33%
Sit
33%
Wait
33%
Maybe
29%

Score Distribution

Percentile by Number Answered

Percent of People with Each Score

Your Score History

You have not taken this quiz